000 00568nam a2200205Ia 4500
005 20250508164747.0
008 008 250505s9999 xx 000 0 eng d
020 _a978-1-4129-3620-0
037 _aReference
040 _aFEDL
_beng
_cFEDL
041 _aeng
_2eng
084 _a370, GOO/RR
_qFEDL
100 _aGood Thomas L Ed.
245 0 _a21st century education : A reference handbook. 2 Vols.
260 _aLos Angeles, USA
_bSage
_c2008
365 _aUSD
_b295
490 _vV. 1
942 _cREF
_h370, GOO/RR
999 _c1390964
_d1390964